[Event "N�-LL 2007_08"]
[Site "CSCG"]
[Date "2008.03.09"]
[Round "10"]
[White "Neumeier, Klaus"]
[Black "Groetz, Harald"]
[Result "1/2-1/2"]
[WhiteElo "2289"]
[BlackElo "2321"]
[Annotator "Stockerau : Mauerbach"]
[PlyCount "54"]
[EventDate "2008.??.??"]

1. e4 c6 2. d4 d5 3. Nc3 dxe4 4. Nxe4 Bf5 5. Ng3 Bg6 6. Bc4 e6 7. N1e2 Bd6 8.
Nf4 Nf6 9. O-O Qc7 10. Qf3 Bxc2 11. Bxe6 O-O 12. Bf5 Bxf5 13. Nxf5 Nbd7 14. Re1
Nb6 15. Be3 Rae8 16. b3 Qd7 17. Nxd6 Qxd6 18. Nd3 Re7 19. Bg5 Qxd4 20. Bxf6
Rxe1+ 21. Rxe1 Qxf6 22. Qxf6 gxf6 23. Nc5 Rd8 24. Nxb7 Rd2 25. a3 Ra2 26. a4
Rb2 27. Nc5 Kg7 1/2-1/2

 26. a4 Rb2 27. Nc5 Kg7 1/2-1/2

[Event "N�-LL 2007_08"]
[Site "CSCG"]
[Date "2008.03.09"]
[Round "10"]
[White "Hangweyrer, Manfred"]
[Black "Penz, Harald"]
[Result "1/2-1/2"]
[WhiteElo "2372"]
[BlackElo "2329"]
[Annotator "Stockerau : Mauerbach"]
[PlyCount "100"]
[EventDate "2008.??.??"]

1. Nf3 d5 2. g3 Nf6 3. Bg2 e6 4. O-O b6 5. b3 Bb7 6. Bb2 Nbd7 7. c4 c5 8. cxd5
exd5 9. d4 Be7 10. Nc3 O-O 11. Rc1 Re8 12. Nh4 Ne4 13. Nf5 Bf8 14. dxc5 Ndxc5
15. Rc2 Qg5 16. Nd4 Rac8 17. Qc1 Qxc1 18. Rfxc1 a6 19. Bh3 Rcd8 20. b4 Nxc3 21.
Bxc3 Ne4 22. Be1 Bd6 23. Kf1 g6 24. a4 f5 25. f3 Ng5 26. Bg2 Rc8 27. Bd2 Rxc2
28. Rxc2 Ne6 29. Nxe6 Rxe6 30. Bc3 Re7 31. Bd4 Rc7 32. Rxc7 Bxc7 33. b5 axb5
34. axb5 Kf7 35. f4 Ke6 36. e3 Kd6 37. Kf2 Bd8 38. Bf1 Kc7 39. h3 Be7 40. g4
Bc8 41. Kg3 Bc5 42. Bd3 Be7 43. Be2 Be6 44. Bf3 Bd8 45. Kf2 Be7 46. Kg3 Bd8 47.
g5 Be7 48. h4 Bc5 49. Be5+ Kd7 50. Kf2 Bf7 1/2-1/2

[Event "N�-LL 2007_08"]
[Site "CSCG"]
[Date "2008.03.09"]
[Round "10"]
[White "Ponjican, Erich"]
[Black "Batyte, Daiva"]
[Result "1-0"]
[WhiteElo "2160"]
[BlackElo "2219"]
[Annotator "Stockerau : Mauerbach"]
[PlyCount "82"]
[EventDate "2008.??.??"]

1. e4 e5 2. Nf3 Nf6 3. Nxe5 d6 4. Nf3 Nxe4 5. d4 d5 6. Bd3 Be7 7. O-O O-O 8. c4
Be6 9. Be3 Nc6 10. a3 Bf6 11. cxd5 Bxd5 12. Nc3 Nxc3 13. bxc3 Re8 14. Rb1 Rb8
15. Nd2 Be6 16. Qc2 h6 17. Ne4 Be7 18. a4 Bf8 19. Rb5 a6 20. Rb2 Ba3 21. Rbb1
Na5 22. Nd2 Nc6 23. Bf4 Qd7 24. Rfe1 Ne7 25. Ne4 Nd5 26. Bd2 Bd6 27. g3 b5 28.
axb5 axb5 29. Rb2 c6 30. Ra1 Nb6 31. Bxh6 Ra8 32. Rbb1 Bf8 33. Bf4 Bd5 34. Ng5
Nc4 35. Bxc4 g6 36. Bxd5 Qxd5 37. Rxa8 Rxa8 38. Qe4 Qc4 39. Be5 Bg7 40. Bxg7
Kxg7 41. Qe5+ Kg8 1-0

 40. Bxg7 Kxg7 41. Qe5+ Kg8 1-0

[Event "N�-LL 2007_08"]
[Site "CSCG"]
[Date "2008.03.09"]
[Round "10"]
[White "Schmid, Thomas"]
[Black "Schorn, Christoph"]
[Result "1-0"]
[WhiteElo "2201"]
[BlackElo "2154"]
[Annotator "Stockerau : Mauerbach"]
[PlyCount "87"]
[EventDate "2008.??.??"]

1. e4 c5 2. Nf3 d6 3. Bb5+ Nd7 4. c3 Ngf6 5. Qe2 e5 6. O-O Be7 7. d4 O-O 8.
dxe5 Nxe5 9. Nxe5 dxe5 10. a4 a6 11. Bc4 b6 12. Na3 Bd7 13. Rd1 Qe8 14. b3 b5
15. axb5 axb5 16. Bd3 b4 17. cxb4 cxb4 18. Nc2 Rxa1 19. Nxa1 Qa8 20. Bg5 Be6
21. Bxf6 Bxf6 22. Bc4 Bxc4 23. Qxc4 Rd8 24. Rxd8+ Qxd8 25. g3 Be7 26. Nc2 Qd1+
27. Kg2 Qc1 28. Ne3 Qxc4 29. Nxc4 f6 30. Ne3 Kf7 31. Kf3 Ke6 32. Ke2 Bc5 33.
Nd5 Kd6 34. f3 Kc6 35. Kd3 Bg1 36. h3 Kc5 37. Nc7 g6 38. g4 Bh2 39. Nd5 f5 40.
gxf5 gxf5 41. Nf6 fxe4+ 42. Kxe4 h6 43. Ng4 Bf4 44. Nxe5 1-0

[Event "N�-LL 2007_08"]
[Site "?"]
[Date "2008.03.09"]
[Round "10"]
[White "Mahdy, Khaled"]
[Black "Lovrinovic, Christian"]
[Result "1/2-1/2"]
[WhiteElo "2396"]
[BlackElo "2171"]
[Annotator "B�hlerwerk : Krems"]
[PlyCount "45"]
[EventDate "2007.10.10"]
[SourceDate "2008.03.15"]

1. e4 c5 2. Nf3 d6 3. c3 Nf6 4. Be2 Bd7 5. d3 Bc6 6. O-O Nbd7 7. Re1 e6 8. Bf1
Be7 9. h3 O-O 10. Bf4 c4 11. d4 Bxe4 12. Bxc4 Nb6 13. Bf1 h6 14. c4 Rc8 15. b3
Bh7 16. Nc3 a6 17. Rc1 Re8 18. Bd3 Bxd3 19. Qxd3 Nh7 20. Nd2 Nf8 21. Qf3 Ng6
22. Bg3 Qd7 23. Qe3 1/2-1/2

[Event "N�-LL 2007_08"]
[Site "?"]
[Date "2008.03.09"]
[Round "10"]
[White "Heimberger, Reinhard"]
[Black "Winiwarter, Felix"]
[Result "0-1"]
[WhiteElo "2229"]
[BlackElo "2147"]
[Annotator "B�hlerwerk : Krems"]
[PlyCount "108"]
[EventDate "2007.10.10"]
[SourceDate "2008.03.15"]

1. c4 g6 2. Nc3 Bg7 3. g3 f5 4. Bg2 Nf6 5. d4 O-O 6. Nf3 d6 7. O-O Nc6 8. d5
Na5 9. Nd2 c5 10. Qc2 a6 11. a3 Qc7 12. b3 Bd7 13. Bb2 Rab8 14. e4 b5 15. cxb5
axb5 16. Ne2 fxe4 17. Nxe4 Nxe4 18. Bxg7 Kxg7 19. Bxe4 e5 20. dxe6 Bxe6 21. Nd4
Bf7 22. Bd3 Kg8 23. b4 Nc6 24. Nxb5 Rxb5 25. Bxb5 Nd4 26. Qd3 Qb7 27. Ba6 Nf3+
28. Kh1 Qa8 29. Qxd6 Ng5+ 30. f3 Nxf3 31. bxc5 Ng5+ 32. c6 Qxa6 33. Rac1 Qe2
34. Rce1 Qc4 35. Rxf7 Nxf7 36. Qe6 Qxe6 37. Rxe6 Rc8 38. g4 Kf8 39. h4 Nd8 40.
Rf6+ Ke7 41. Rf4 Rxc6 42. Ra4 Ne6 43. Kg2 Kd6 44. Ra7 Nc7 45. Kg3 Rc3+ 46. Kf4
h6 47. h5 Rc4+ 48. Kg3 gxh5 49. gxh5 Ke5 50. a4 Ke4 51. a5 Rc3+ 52. Kg4 Nd5 53.
a6 Rf3 54. Kh4 Ne3 0-1

[Event "N�-LL 2007_08"]
[Site "?"]
[Date "2008.03.09"]
[Round "10"]
[White "W�ber, Friedrich"]
[Black "Strobel, Ferdinand"]
[Result "1/2-1/2"]
[WhiteElo "2103"]
[BlackElo "2015"]
[Annotator "B�hlerwerk : Krems"]
[PlyCount "29"]
[EventDate "2007.10.10"]
[SourceDate "2008.03.15"]

1. e4 e5 2. Nf3 Nc6 3. d4 exd4 4. Bc4 Nf6 5. O-O Nxe4 6. Re1 d5 7. Bxd5 Qxd5 8.
Nc3 Qa5 9. Nxe4 Be6 10. Bd2 Qd5 11. Bg5 Bd6 12. Bf6 O-O 13. Nxd4 Nxd4 14. Qxd4
Qxd4 15. Bxd4 1/2-1/2

[Event "N�-LL 2007_08"]
[Site "?"]
[Date "2008.03.09"]
[Round "10"]
[White "Neumann, Christian"]
[Black "Polsterer, Heinz"]
[Result "1-0"]
[WhiteElo "1957"]
[BlackElo "2001"]
[Annotator "B�hlerwerk : Krems"]
[PlyCount "111"]
[EventDate "2007.10.10"]
[SourceDate "2008.03.15"]

1. c4 f5 2. Nc3 g6 3. d4 Nf6 4. Bg5 Bg7 5. g3 d6 6. Nf3 c6 7. Bg2 O-O 8. O-O a5
9. Re1 Ne4 10. Bc1 d5 11. Qb3 e6 12. Bf4 Nd7 13. h4 Ndf6 14. Ne5 Nh5 15. e3
Bxe5 16. dxe5 Nd2 17. Qc2 Nxc4 18. Rad1 Nxf4 19. exf4 b5 20. Ne2 Bd7 21. b3 Nb6
22. Nd4 Rc8 23. Qc5 Na8 24. Re2 Rf7 25. Rc2 Re7 26. Rdc1 Kf7 27. Qd6 Qe8 28.
Bf1 Rb8 29. Be2 Rb7 30. Kg2 Nb6 31. h5 Nc8 32. Qc5 Na7 33. hxg6+ hxg6 34. Rh1
Kg8 35. Rcc1 Rh7 36. Rxh7 Kxh7 37. g4 fxg4 38. Bxg4 Qf7 39. Kg3 g5 40. fxg5 Kg8
41. Rh1 Nc8 42. Rh6 Ne7 43. Rxe6 Ng6 44. Nf5 Kh7 45. Qc1 Qxe6 46. Qh1+ Kg8 47.
Nh6+ Kg7 48. Bxe6 Bxe6 49. Qf3 Re7 50. Qf6+ Kh7 51. f4 d4 52. f5 Bxf5 53. Qxf5
d3 54. Qxd3 Rxe5 55. Ng4 Rd5 56. Nf6+ 1-0

[Event "N�-LL 2007_08"]
[Site "?"]
[Date "2008.03.30"]
[Round "11"]
[White "Denk, Adolf"]
[Black "Mahdy, Khaled"]
[Result "1/2-1/2"]
[WhiteElo "2359"]
[BlackElo "2396"]
[Annotator "Krems : St.P�lten"]
[PlyCount "41"]
[EventDate "2007.10.10"]
[SourceDate "2008.04.07"]

1. d4 g6 2. Nf3 Bg7 3. g3 Nf6 4. Bg2 O-O 5. O-O d5 6. b3 c5 7. Bb2 Ne4 8. c3
Nc6 9. Nbd2 Bf5 10. e3 Qa5 11. Nxe4 Bxe4 12. Qe2 Rfe8 13. Rfd1 Rad8 14. c4 dxc4
15. Qxc4 Bd5 16. Qe2 cxd4 17. Nxd4 Bxg2 18. Kxg2 Nxd4 19. Bxd4 Bxd4 20. Rxd4
Rxd4 21. exd4 1/2-1/2

[Event "N�-LL 2007_08"]
[Site "?"]
[Date "2008.03.30"]
[Round "11"]
[White "Winiwarter, Felix"]
[Black "Ganaus, Hannes"]
[Result "1/2-1/2"]
[WhiteElo "2147"]
[BlackElo "2340"]
[Annotator "Krems : St.P�lten"]
[PlyCount "74"]
[EventDate "2007.10.10"]
[SourceDate "2008.04.07"]

1. d4 Nf6 2. c4 e6 3. Nc3 Bb4 4. e3 O-O 5. Bd3 d5 6. Nf3 c5 7. O-O b6 8. cxd5
exd5 9. Ne5 Bb7 10. a3 Bxc3 11. bxc3 c4 12. Bb1 Nbd7 13. Nxd7 Qxd7 14. f3 Rfe8
15. Ra2 b5 16. Re2 a5 17. Rfe1 Ra6 18. e4 dxe4 19. fxe4 Qg4 20. e5 Bf3 21. Qc2
Bxe2 22. Rxe2 g6 23. h3 Qe6 24. Qd2 Nd5 25. Re4 f5 26. exf6 Qf7 27. Re5 Rxf6
28. Rxe8+ Qxe8 29. Qg5 Qf7 30. Be4 Nxc3 31. Bf3 Rxf3 32. gxf3 Qd5 33. Qe7 Qxd4+
34. Kg2 Qd3 35. Qe6+ Kg7 36. Qe7+ Kg8 37. Qe6+ Kg7 1/2-1/2

[Event "N�-LL 2007_08"]
[Site "?"]
[Date "2008.03.30"]
[Round "11"]
[White "R�hrl, Karl"]
[Black "W�ber, Friedrich"]
[Result "1/2-1/2"]
[WhiteElo "2221"]
[BlackElo "2103"]
[Annotator "Krems : St.P�lten"]
[PlyCount "39"]
[EventDate "2007.10.10"]
[SourceDate "2008.04.07"]

1. Nf3 Nf6 2. g3 g6 3. Bg2 Bg7 4. d4 O-O 5. c3 d5 6. O-O c6 7. Nbd2 Nbd7 8. Re1
Re8 9. e4 Nxe4 10. Nxe4 dxe4 11. Rxe4 e5 12. dxe5 Nxe5 13. Qxd8 Nxf3+ 14. Bxf3
Rxd8 15. Bg5 Bf5 16. Rb4 Rd7 17. Rd1 Rxd1+ 18. Bxd1 b5 19. Bf3 Rc8 20. Bf4
1/2-1/2

[Event "N�-LL 2007_08"]
[Site "?"]
[Date "2008.03.30"]
[Round "11"]
[White "Polsterer, Heinz"]
[Black "Wallner, Erich"]
[Result "1/2-1/2"]
[WhiteElo "2001"]
[BlackElo "2192"]
[Annotator "Krems : St.P�lten"]
[PlyCount "21"]
[EventDate "2007.10.10"]
[SourceDate "2008.04.07"]

1. e4 c6 2. d4 d5 3. f3 g6 4. Nc3 Bg7 5. Be3 dxe4 6. fxe4 Nf6 7. Nf3 Qa5 8. Qd2
O-O 9. Bc4 Ng4 10. Bg5 e5 11. d5 1/2-1/2

[Event "N�-LL 2007/08"]
[Site "?"]
[Date "2008.03.30"]
[Round "11"]
[White "Penz, Harald"]
[Black "Neumann, Christian"]
[Result "1-0"]
[WhiteElo "2318"]
[BlackElo "1957"]
[Annotator "Mauerbach : B�hlerwerk"]
[PlyCount "87"]
[EventDate "2008.??.??"]

1. e4 e5 2. Nf3 Nc6 3. Bc4 Nf6 4. d3 Be7 5. O-O O-O 6. Bb3 d6 7. Re1 Bg4 8. c3
Na5 9. Bc2 c5 10. Nbd2 b5 11. Nf1 Nd7 12. Ne3 Bh5 13. h3 Nb6 14. g4 Bg6 15. d4
Qc7 16. Qe2 Rfe8 17. dxe5 Nac4 18. Nxc4 bxc4 19. Bf4 dxe5 20. Bxe5 Qc6 21. Bg3
f6 22. Nh4 Bf7 23. Rad1 g6 24. f4 Bd6 25. Qh2 Re7 26. e5 Bc7 27. exf6 Rxe1+ 28.
Rxe1 Qxf6 29. f5 Bxg3 30. Qxg3 g5 31. Nf3 h6 32. h4 Nd5 33. hxg5 hxg5 34. Be4
Rd8 35. Bxd5 Rxd5 36. Qb8+ Rd8 37. Qe5 Qh6 38. Qe7 Re8 39. Qxg5+ Qxg5 40. Rxe8+
Bxe8 41. Nxg5 Bd7 42. Kf2 Kg7 43. Ne4 Bc6 44. Ke3 1-0

 Bc6 44. Ke3 1-0

[Event "N�-LL 2007/08"]
[Site "?"]
[Date "2008.03.30"]
[Round "11"]
[White "Strobel, Ferdinand"]
[Black "Bechmann, Gerhard"]
[Result "1/2-1/2"]
[WhiteElo "2032"]
[BlackElo "2070"]
[Annotator "Mauerbach : B�hlerwerk"]
[PlyCount "24"]
[EventDate "2005.05.15"]

1. d4 Nf6 2. Nf3 d5 3. c3 e6 4. Bg5 Be7 5. Nbd2 O-O 6. e3 Nbd7 7. Bd3 b6 8. a3
Bb7 9. b4 c5 10. Qb1 cxd4 11. cxd4 Rc8 12. O-O h6 1/2-1/2

[Event "N�-LL 2007/08"]
[Site "?"]
[Date "2008.03.30"]
[Round "11"]
[White "Tatzmann, Peter"]
[Black "Brandst�tter, Friedrich"]
[Result "1/2-1/2"]
[WhiteElo "2015"]
[BlackElo "2031"]
[Annotator "Mauerbach : B�hlerwerk"]
[PlyCount "36"]
[EventDate "2005.05.15"]

1. d4 d5 2. c4 e6 3. Nf3 Nf6 4. Bg5 Nbd7 5. e3 c6 6. Nc3 Qa5 7. Bxf6 Nxf6 8.
Nd2 Bb4 9. Qc2 O-O 10. Bd3 Re8 11. O-O Bd6 12. Nf3 dxc4 13. Bxc4 e5 14. dxe5
Bxe5 15. Qb3 Qc7 16. h3 Bxc3 17. Qxc3 Be6 18. Bxe6 Rxe6 1/2-1/2

[Event "N�-LL 2007_08"]
[Site "?"]
[Date "2008.03.30"]
[Round "11"]
[White "Gr�tz, Harald"]
[Black "Kummer, Helmut"]
[Result "1/2-1/2"]
[WhiteElo "2321"]
[BlackElo "2324"]
[Annotator "B.V�slau/Kottingbrunn : Stockerau"]
[PlyCount "73"]
[EventDate "2007.10.10"]
[SourceDate "2008.04.07"]

1. e4 e5 2. Nf3 Nc6 3. Bb5 a6 4. Bxc6 dxc6 5. O-O Bg4 6. h3 h5 7. d3 Bxf3 8.
Qxf3 Qd7 9. Nd2 O-O-O 10. Nc4 f6 11. Qe3 Kb8 12. f4 exf4 13. Qxf4 Bc5+ 14. Be3
Bxe3+ 15. Nxe3 Ne7 16. Rad1 c5 17. Rf2 Nc6 18. c3 Rhe8 19. b3 Re6 20. Rfd2 Qd6
21. Qxd6 Rexd6 22. Nf5 R6d7 23. Ng3 g6 24. Ne2 g5 25. Ng3 h4 26. Nf5 Ne5 27. d4
cxd4 28. cxd4 Ng6 29. Kf2 Re8 30. Kf3 c6 31. Rc2 Ne5+ 32. Ke3 Ng6 33. Rf1 Nf4
34. Kf3 Re6 35. Rd1 Ng6 36. Rdd2 Re8 37. Rd1 1/2-1/2

[Event "N�-LL 2007_08"]
[Site "?"]
[Date "2008.03.30"]
[Round "11"]
[White "Brehovsky, Paul"]
[Black "Batyte, Daiva"]
[Result "1/2-1/2"]
[WhiteElo "2100"]
[BlackElo "2219"]
[Annotator "B.V�slau/Kottingbrunn : Stockerau"]
[PlyCount "37"]
[EventDate "2007.10.10"]
[SourceDate "2008.04.07"]

1. e3 e5 2. d4 exd4 3. exd4 d5 4. Nf3 Nf6 5. Bd3 Bg4 6. O-O Be7 7. Bf4 Nc6 8.
c3 O-O 9. Nbd2 Bh5 10. Re1 Bd6 11. Bxd6 Qxd6 12. Qc2 Rfe8 13. Rxe8+ Rxe8 14.
Re1 Rxe1+ 15. Nxe1 h6 16. h3 Ne7 17. Nf1 Qe6 18. Qc1 Bg6 19. Qe3 1/2-1/2

[Event "N�-LL 2007_08"]
[Site "?"]
[Date "2008.03.30"]
[Round "11"]
[White "Schmid, Thomas"]
[Black "Zojer, Thomas"]
[Result "1/2-1/2"]
[WhiteElo "2201"]
[BlackElo "2114"]
[Annotator "B.V�slau/Kottingbrunn : Stockerau"]
[PlyCount "56"]
[EventDate "2007.10.10"]
[SourceDate "2008.04.07"]

1. e4 c5 2. Nf3 Nc6 3. Bb5 g6 4. Bxc6 bxc6 5. O-O Bg7 6. c3 d6 7. h3 e5 8. d3
Nf6 9. Nbd2 O-O 10. Qa4 Qc7 11. Nc4 Be6 12. Ng5 Bxc4 13. Qxc4 h6 14. Nf3 Nd7
15. Nh2 Nb6 16. Qb3 d5 17. c4 f5 18. cxd5 cxd5 19. exd5 Qd6 20. Be3 Rfd8 21.
Rac1 Qxd5 22. Qxd5+ Rxd5 23. Rxc5 Rxd3 24. Rc6 g5 25. Rfc1 e4 26. Bxb6 axb6 27.
Rxb6 Rd2 28. Nf1 Rxb2 1/2-1/2

[Event "N�-LL 2007_08"]
[Site "?"]
[Date "2008.03.30"]
[Round "11"]
[White "Lampl, Gerald"]
[Black "Sadilek, Maximilian"]
[Result "1/2-1/2"]
[WhiteElo "2094"]
[BlackElo "2107"]
[Annotator "B.V�slau/Kottingbrunn : Stockerau"]
[PlyCount "66"]
[EventDate "2007.10.10"]
[SourceDate "2008.04.07"]

1. d4 Nc6 2. Nf3 d5 3. c4 Bg4 4. Nc3 Bxf3 5. gxf3 e6 6. e3 a6 7. Bd2 Nge7 8. a3
g6 9. f4 Bg7 10. cxd5 Nxd5 11. Bg2 O-O 12. Nxd5 exd5 13. Qb3 Ne7 14. Qxb7 Rb8
15. Qxa6 Rxb2 16. Bc3 Rb3 17. Bb4 Qd7 18. O-O Nf5 19. Rab1 Nh4 20. Qe2 Rxb1 21.
Rxb1 Qf5 22. Rc1 Re8 23. Bc5 h5 24. h3 Re6 25. Qc2 Re4 26. Kh2 g5 27. f3 Rxe3
28. Qxf5 Nxf5 29. fxg5 Bxd4 30. Bxd4 Nxd4 31. Rxc7 Rxa3 32. Kg3 h4+ 33. Kxh4
Nxf3+ 1/2-1/2

[Event "N�-LL 2007/08"]
[Site "?"]
[Date "2008.03.30"]
[Round "11"]
[White "Weiss, Christian"]
[Black "Wolfram, Bernd"]
[Result "1-0"]
[WhiteElo "2407"]
[BlackElo "2183"]
[Annotator "Niederabsdorf : P�chlarn"]
[PlyCount "67"]
[EventDate "2008.??.??"]
[SourceDate "2008.03.30"]

1. c4 g6 2. Nc3 Bg7 3. d4 d6 4. Nf3 Nf6 5. e4 O-O 6. Be2 e5 7. O-O Nc6 8. d5
Ne7 9. b4 a5 10. Ba3 b6 11. bxa5 Nh5 12. g3 f5 13. Bb4 bxa5 14. Ba3 Nf6 15. Nd2
f4 16. c5 Bh3 17. Re1 Nc8 18. Bf1 fxg3 19. hxg3 Bg4 20. Be2 Bh3 21. Nc4 h5 22.
Qd3 Rf7 23. Rab1 Ng4 24. f3 Qf6 25. Nd1 Nh6 26. Nf2 Bg4 27. Kg2 g5 28. Qe3 Bd7
29. Rh1 Qg6 30. c6 Be8 31. Rb7 g4 32. fxg4 Nxg4 33. Nxg4 hxg4 34. Rh4 1-0

[Event "N�-LL 2007/08"]
[Site "?"]
[Date "2008.03.30"]
[Round "11"]
[White "Schwarhofer, Christopher"]
[Black "Kranzl, Peter"]
[Result "0-1"]
[WhiteElo "2200"]
[BlackElo "2258"]
[Annotator "Niederabsdorf : P�chlarn"]
[PlyCount "66"]
[EventDate "2008.??.??"]
[SourceDate "2008.03.30"]

1. e4 c6 2. d4 g6 3. Nc3 Bg7 4. Be3 d6 5. f4 Nf6 6. Nf3 O-O 7. Bd3 b5 8. Qd2
Nbd7 9. h3 Nb6 10. Qf2 b4 11. Ne2 Bb7 12. g4 c5 13. Ng3 c4 14. g5 cxd3 15. gxf6
exf6 16. cxd3 Rc8 17. h4 Qd7 18. h5 Rfe8 19. f5 d5 20. hxg6 hxg6 21. Qh2 dxe4
22. Ne5 Rxe5 23. dxe5 Qxd3 24. Bd2 Nd5 25. exf6 Nxf6 26. Rd1 Rd8 27. Nf1 e3 28.
Nxe3 Re8 29. Rf1 Bc6 30. Rf3 Ng4 31. Qg2 Nxe3 32. Bxe3 Rxe3+ 33. Kf2 Re2+ 0-1

[Event "N�-LL 2007/08"]
[Site "?"]
[Date "2008.03.30"]
[Round "11"]
[White "Kleiser, Gregor"]
[Black "Knoll, Hermann"]
[Result "0-1"]
[WhiteElo "2303"]
[BlackElo "2341"]
[Annotator "Niederabsdorf : P�chlarn"]
[PlyCount "82"]
[EventDate "2008.??.??"]
[SourceDate "2008.03.30"]

1. d4 Nf6 2. Nf3 g6 3. Bf4 Bg7 4. e3 O-O 5. Be2 d6 6. h3 b6 7. O-O Bb7 8. c4
Nbd7 9. Nc3 e6 10. Rc1 Qe7 11. Bh2 e5 12. b4 Ne4 13. Nd5 Qd8 14. Qb3 exd4 15.
exd4 Ndf6 16. Bd3 Bh6 17. Rce1 Ng5 18. Nxg5 Nxd5 19. Nxf7 Rxf7 20. cxd5 Qg5 21.
f3 Bg7 22. Kh1 a5 23. b5 Bxd4 24. Be4 Raf8 25. Qd3 Bc5 26. f4 Qf6 27. f5 Bc8
28. g4 Qd4 29. Bf4 gxf5 30. gxf5 Qxd3 31. Bxd3 Bxf5 32. Bxf5 Rxf5 33. Re4 Rxd5
34. Rf3 Rdf5 35. Rg3+ Kf7 36. Bh6 Rg8 37. Rxg8 Kxg8 38. Re7 Rh5 39. Bg7 Rxh3+
40. Kg2 Rh5 41. Kf3 Rf5+ 0-1

[Event "N�-LL 2007/08"]
[Site "?"]
[Date "2008.03.30"]
[Round "11"]
[White "Weinzettel, Ernst"]
[Black "Hansen, Kay"]
[Result "1/2-1/2"]
[WhiteElo "2280"]
[BlackElo "2201"]
[Annotator "Niederabsdorf : P�chlarn"]
[PlyCount "136"]
[EventDate "2008.??.??"]
[SourceDate "2008.03.30"]

1. e4 c6 2. Nc3 d5 3. Nf3 dxe4 4. Nxe4 Bg4 5. Bc4 e6 6. h3 Bh5 7. Ng3 Bxf3 8.
Qxf3 Nf6 9. O-O Nbd7 10. Re1 Qc7 11. d4 O-O-O 12. Bf4 Bd6 13. Bxd6 Qxd6 14. c3
h5 15. Ne4 Nxe4 16. Rxe4 Nf6 17. Re5 Rd7 18. b4 Rc7 19. Rae1 Rd8 20. Rg5 Qf8
21. Bb3 Qh8 22. b5 cxb5 23. Rxb5 g6 24. Rb1 Rdd7 25. Ba4 Nd5 26. R5b3 Re7 27.
Bb5 Qf6 28. Qd3 g5 29. c4 Nf4 30. Qh7 Qxd4 31. Qg8+ Qd8 32. Qxg5 e5 33. Qf5+
Kb8 34. Re3 Qg8 35. g3 Qg6 36. Qxg6 Nxg6 37. h4 Re6 38. Ba4 Rd6 39. Bd1 Rxc4
40. Bxh5 Rc5 41. Bf3 b6 42. Rbe1 f6 43. h5 Nh8 44. Be4 Nf7 45. Kg2 Nh6 46. Bg6
Rd2 47. R1e2 Rcd5 48. Rxd2 Rxd2 49. Rf3 Rd6 50. Kh3 Kc7 51. g4 Kd7 52. Kh4 Ke7
53. Rc3 Rd7 54. Rc8 Nf7 55. Rg8 b5 56. Rb8 a6 57. Rb6 Nh6 58. Rxa6 Rd4 59. f3
f5 60. Kg5 fxg4 61. fxg4 Nxg4 62. Bf5 Ne3 63. Ra7+ Kf8 64. Kf6 Ra4 65. Rf7+ Kg8
66. Rg7+ Kh8 67. Rh7+ Kg8 68. Rg7+ Kh8 1/2-1/2

[Event "N�-LL 2007_08"]
[Site "?"]
[Date "2008.03.30"]
[Round "11"]
[White "Mlynek, Petr"]
[Black "Kropik, Martin"]
[Result "1/2-1/2"]
[WhiteElo "2188"]
[BlackElo "2089"]
[Annotator "Zwettl : Waidhofen"]
[PlyCount "24"]
[EventDate "2007.10.10"]
[SourceDate "2008.04.07"]

1. d4 Nf6 2. c4 e6 3. Bg5 d5 4. cxd5 exd5 5. Nc3 c6 6. Qc2 Be7 7. e3 Nbd7 8.
Bd3 O-O 9. Nge2 h6 10. Bh4 Re8 11. O-O Ne4 12. Bxe7 Qxe7 1/2-1/2

[Event "N�-LL 2007_08"]
[Site "?"]
[Date "2008.04.30"]
[Round "11"]
[White "Rosenauer, Harald"]
[Black "Wagner, Stefan"]
[Result "1/2-1/2"]
[WhiteElo "1981"]
[BlackElo "2126"]
[Annotator "Zwettl : Waidhofen"]
[PlyCount "59"]
[EventDate "2007.10.10"]
[SourceDate "2008.04.07"]

1. Nc3 e5 2. e4 Nc6 3. g3 Nf6 4. Bg2 Bc5 5. Nf3 d6 6. d3 Bg4 7. Be3 Bb6 8. h3
Bh5 9. O-O Qd7 10. Kh2 h6 11. Qd2 g5 12. Nd5 Nxd5 13. exd5 Ne7 14. c4 Bxf3 15.
Bxf3 Bxe3 16. fxe3 h5 17. d4 g4 18. Bg2 h4 19. gxh4 g3+ 20. Kxg3 Nf5+ 21. Kh2
Nxh4 22. dxe5 dxe5 23. d6 O-O-O 24. Qd5 Nxg2 25. Qxg2 Qxd6 26. Qg4+ Kb8 27.
Rad1 Qb6 28. Rxd8+ Rxd8 29. Qe2 Qe6 30. b3 1/2-1/2

[Event "N�-LL 2007_08"]
[Site "?"]
[Date "2008.03.30"]
[Round "11"]
[White "Zwettler, Martin"]
[Black "Illner, Gerhard"]
[Result "1/2-1/2"]
[WhiteElo "2129"]
[BlackElo "2031"]
[Annotator "Zwettl : Waidhofen"]
[PlyCount "35"]
[EventDate "2007.10.10"]
[SourceDate "2008.04.07"]

1. d4 Nf6 2. Bg5 e6 3. Nd2 d5 4. e3 c5 5. c3 Nbd7 6. f4 Qb6 7. Rb1 Be7 8. Bd3
Nf8 9. Ngf3 Bd7 10. Qe2 Ng6 11. O-O Bc6 12. Ne5 a6 13. Nxc6 Qxc6 14. Bxf6 Bxf6
15. Nf3 cxd4 16. Rbc1 Rc8 17. Kh1 Qa4 18. a3 1/2-1/2

[Event "N�-LL 2007/08"]
[Site "?"]
[Date "2008.03.30"]
[Round "11"]
[White "Wukits, Rene"]
[Black "Schroll, Gerhard"]
[Result "1/2-1/2"]
[WhiteElo "2254"]
[BlackElo "2386"]
[Annotator "Wr.Neustadt : Schwarzatal"]
[PlyCount "28"]
[EventDate "2008.03.30"]
[SourceDate "2008.03.30"]

1. d4 f5 2. h3 d5 3. Nf3 Nf6 4. c4 e6 5. g4 c5 6. gxf5 exf5 7. Nc3 Nc6 8. Bg5
Be7 9. e3 Be6 10. Qa4 Bd7 11. Qc2 cxd4 12. exd4 Qa5 13. Bxf6 Bxf6 14. O-O-O
dxc4 1/2-1/2

[Event "N�-LL 2007/08"]
[Site "?"]
[Date "2008.03.30"]
[Round "11"]
[White "Degen, Gerhard"]
[Black "Posch, Werner"]
[Result "0-1"]
[WhiteElo "2095"]
[BlackElo "2173"]
[Annotator "Wr.Neustadt : Schwarzatal"]
[PlyCount "44"]
[EventDate "2008.03.30"]
[SourceDate "2008.03.30"]

1. d4 Nf6 2. c4 Nc6 3. Nf3 e6 4. a3 d5 5. Nc3 a6 6. Bg5 dxc4 7. e4 b5 8. Be2
Be7 9. O-O h6 10. Bf4 Bb7 11. d5 exd5 12. e5 Ne4 13. Nxd5 O-O 14. Nxe7+ Qxe7
15. Qc2 Nc5 16. Rad1 Rad8 17. Qf5 Bc8 18. Qh5 Nd3 19. Bg5 hxg5 20. Nxg5 Bf5 21.
f4 Qc5+ 22. Kh1 Nf2+ 0-1

[Event "N�-LL 2007/08"]
[Site "?"]
[Date "2008.03.30"]
[Round "11"]
[White "Staberhofer, Rainer"]
[Black "Matevosyan, Andy"]
[Result "0-1"]
[WhiteElo "2171"]
[BlackElo "2010"]
[Annotator "Wr.Neustadt : Schwarzatal"]
[PlyCount "70"]
[EventDate "2008.03.30"]
[SourceDate "2008.03.30"]

1. e4 d5 2. exd5 Qxd5 3. Nc3 Qa5 4. d4 Nf6 5. Bc4 Bf5 6. Nf3 e6 7. Bd2 c6 8.
Nd5 Qd8 9. Nxf6+ gxf6 10. c3 Nd7 11. Qe2 Qc7 12. Nh4 Bg6 13. f4 O-O-O 14. O-O-O
f5 15. Be3 Nf6 16. Kb1 Bd6 17. Nxg6 hxg6 18. g3 Rh3 19. Qg2 Rdh8 20. Be2 Nd5
21. Bd2 c5 22. Bf3 Nb6 23. Be3 c4 24. d5 e5 25. fxe5 Bxe5 26. Kc1 $4 (26. d6
Bxd6 27. Rxd6 Qxd6 28. Bxb7+) 26... Kb8 27. d6 Qd7 28. Qe2 f6 29. Bxb6 axb6 30.
Qxc4 Rxh2 31. Rxh2 Rxh2 32. Kb1 $4 Bxg3 33. Qg8+ Ka7 34. Qxg6 $4 Qb5 35. b3 Qa5
0-1